Doctor Who - Episodes S5 - Statistiques

Statistiques générales
  • Ce quiz a été pris 63 fois
  • Le résultat moyen est 9 sur 13
Statistiques - réponses
Episodes Titres % Correct
1 Le prisonnier zéro
96%
4 Le Labyrinthe des Anges - 1ère partie
85%
5 Le Labyrinthe des Anges - 2ème partie
81%
12 La Pandorica s'ouvre - 1ère partie
79%
13 La Pandorica s'ouvre - 2ème partie
75%
6 Les Vampires de Venise
75%
10 Vincent et le Docteur
70%
2 La Bête des bas-fonds
66%
8 La Révolte des intra-terrestres - 1ère partie
64%
9 La Révolte des intra-terrestres - 2ème partie
62%
3 La Victoire des Daleks
60%
11 Le Colocataire
60%
7 Le Seigneur des Rêves
58%
Aucun quiz correspondant
Distribution des résultats
% des personnes avec chaque résultat
Percentile par nombre de réponses
Votre historique - résultats
Vous n’avez pas pris ce quiz